| 000 | 00689nas a2200217 i 4500 | ||
|---|---|---|---|
| 001 | 2371 | ||
| 003 | ES-MaACL | ||
| 005 | 20250217134620.0 | ||
| 007 | t| | ||
| 008 | 950801d19211931fr | | 1 ||re d | ||
| 080 | _a44 | ||
| 245 | 0 | 0 |
_aVient de paraître _b: bulletin bibliographique mensuel et courrier de la vie intellectuelle et artistique. |
| 260 |
_aParis : _bG. Crès & Cie, _c1921-1931 ( _eAbbeville : _fF. Paillart) |
||
| 300 |
_a2 v. : _bgrab. ; _c27 cm. |
||
| 310 | _aMensual | ||
| 362 | 0 | _a1re année, n° 1 (1921, nov.)-11e année, n° 103 (1931, mars) | |
| 650 | 4 |
_aBibliografía. _910516 |
|
| 852 |
_aES-MaACL _jHem-598 |
||
| 866 | 0 | _o1924-25. | |
| 999 |
_c2371 _d2371 |
||